00462 2200169 4500001002100000008004100021035002000062245009700082100001900179250000600198260002900204300001200233084001400245082000800259650001300267990001200280INLIS000000000000805 ind  a0010-0524000040 aHimpunan Peraturan Perundang-Undangan dan Petunjuk Teknis Bidang KepegawaiancBKD KAB. Tegal aBKD KAB. Tegal a1 aTegal :bBKD Tegalc2013 a165 hlm a600 BKD h a600 aNonFiksi a0740653